000 00790cam a2200301 4500500
005 20260405001452.0
041 _afre
042 _adc
100 1 0 _aGroulez, Raphaël
_eauthor
245 0 0 _aMatière à penser / Avril 2013
260 _c2013.
500 _a60
690 _aArne Næss
690 _aBruno Latour
690 _aCrise
690 _aÉcosophie
690 _aEnd of Men
690 _aFemmes
690 _aGenre
690 _aGifford Lectures
690 _aGrèce
690 _aPlaton
690 _aSuicide
690 _aTunisie
690 _aUmberto Eco
786 0 _nPhilosophie magazine | 68 | 4 | 2013-04-01 | p. 2-2 | 1951-1787
856 4 1 _uhttps://shs.cairn.info/magazine-philosophie-magazine-2013-4-page-2?lang=fr&redirect-ssocas=7080
999 _c2047989
_d2047989